000 00756nam a2200241 a 4500
001 41840
003 BD-RjUL
005 20211209053446.0
008 160606s1968 ctua b 001 0 eng
035 _a(BD-RjUL) 41958
040 _aDLC
_cDLC
_dm.c
_dBD-RjUL
_beng
041 1 _aeng
082 _223
_a324.2094713
_bPEE 1968
100 1 _aPesonen, Pertti.
_9128526
245 1 3 _aAn election in Finland :
_bparty activities and voter reactions /
_cPertti Pesonen.
260 _aNew Haven :
_bYale University Press,
_c1968
300 _axix, 416 p. :
_billus. ;
_c25 cm
500 _aTranslation of Valtuutus kansalta
500 _aIncludes index
504 _aBibliographical footnotes
650 0 _aElections
_zFinland
_zTampere
_9128527
942 _2ddc
_cBK
999 _c41840
_d41840